泉州市知识测验 Quanzhou city quiz - Statistics

General Stats
  • This quiz has been taken 33 times
  • The average score is 16 of 25
Answer Stats
问题 答案 % Correct
泉州市的车牌代码 闽C
100%
是联合国认定的这条“路”的起点 海上丝绸之路
93%
2023年GDP全国百强县第4名 晋江市
82%
中心城区西南部的主要河流 晋江
79%
这段时期在这座“世界第一大港”停留过的著名外国旅行家 马可·波罗
75%
泉州古城所在的市辖区 鲤城区
75%
泉州下辖纯海岛县级行政区 金门县
75%
市花,自五代时在泉州广泛种植,泉州古时便以此花为城市代称 刺桐
71%
上题河流上的古桥,现存最早的跨海梁式石桥,建成于1059年 洛阳桥(万安桥)
71%
附近以此河流命名的市辖区 洛江区
68%
校本部位于泉州的高校,在校境外学生最多的中国内地高校之一 华侨大学
68%
2023年GDP全国百强县第42名 石狮市
68%
2023年GDP全国百强县第15名 南安市
64%
全国有许多叫这个名字的寺庙,泉州的这座以东西双塔闻名 开元寺
61%
泉州作为世界文化遗产的全名(补充其中的时代部分) 泉州:{宋元}中国的世界海洋商贸中心
61%
老城区北方的山地,5A级风景名胜区,文物古迹众多 清源山
57%
2023年GDP全国百强县第64名 安溪县
57%
中心城区东部的河流,西晋中原一地世家大族南渡至此,以其故土城市命名河流 洛阳江
54%
泉州人,明末清初军事家,“国姓爷” 郑成功
54%
2023年GDP全国百强县第39名 惠安县
54%
上述世界文化遗产中的一处代表性古迹遗址,以一个下辖县级行政区命名的瓷窑址 {德化}窑址
50%
世界上中古时代最长的梁式石桥,中国现存最长的海港大石桥 安平桥
46%
中国伊斯兰教四大古寺之一,阿拉伯穆斯林在中国创建的现存最古老的伊斯兰教寺 清净寺
43%
泉州人,晚明思想家,以孔孟传统儒学的“异端”自居,抨击理学,泉州古城内有其故居纪念馆 李贽
43%
闽南地区传统音乐,发源于福建泉州,用闽南语演唱 南音
43%
No matching quizzes found
Score Distribution
Percent of People with Each Score
Percentile by Number Answered
Your Score History
You have not taken this quiz